Kluby z Belgii które w XXI w. grały w europejskich pucharach - Statystyki

Ogólne statystyki
  • Ten quiz został rozwiązany 21 razy
  • Średni wynik to 8 z 19
Statystyki odpowiedzi
Odpowiedź % Poprawnych
RSC Anderlecht
100%
Club Brugge
90%
Cercle Brugge
80%
Royal Antwerp
80%
Standard Liège
75%
KAA Gent
70%
KRC Genk
70%
Royal Charleroi
45%
Zulte Waregem
45%
Union Saint-Gillois
40%
Lierse SK
30%
KVC Westerlo
25%
KSC Lokeren
20%
KV Oostende
15%
Excelsior Mouscron
5%
Berschot AC
0%
KSK Beveren
0%
KSK Roselare
0%
RAA Louviéroise
0%
Nie znaleziono quizów pasujących do podanych kryteriów
Rozkład punktacji
Procent ludzi z każdym wynikiem
Percentyl według liczby udzielonych odpowiedzi
Twoja historia wyników
Nie rozwiązałeś tego quizu